000 00248 a2200097 4500
001 15984
100 _aCho Chin K
245 _aAn introduction to software quality control
260 _aNew York
_bA wiley interscience pub
_c
090 _c12392
_d12392
942 _aNUST-CAE
_cM
_c2661
999 _c251057
_d251057